Les films de Bertrand Tavernier - Statistiques

Statistiques générales
  • Ce quiz a été pris 10 fois
  • Le résultat moyen est 15 sur 22
Statistiques - réponses
Année Acteur(s) Actrice(s) Mots à trouver Film % Correct
1996 Philippe Torreton Catherine Rich 1 Capitaine {Conan}
100%
1981 Philippe Noiret Isabelle Huppert 2 {Coup} de {torchon}
100%
1975 Philippe Noiret Marina Vlady 3 Que {la fête commence}...
100%
1986 Dexter Gordon Gabrielle Haker 2 Autour {de minuit}
88%
1976 Michel Galabru Isabelle Huppert 2 Le {juge} et l'{assassin}
88%
1990 Dirk Bogarde Jane Birkin 1 Daddy {nostalgie}
75%
2009 Tommy Lee Jones Mary Steenburgen 2 Dans la {brume électrique}
75%
1980 Harvey Keitel Romy Schneider 3 La {mort en direct}
75%
1995 Olivier Sitruk Marie Gillain 1 L'{Appât}
75%
1989 Philippe Noiret Sabine Azéma 5 La {vie et rien d'autre}
75%
1984 Louis Ducreux Sabine Azéma 4 Un {dimanche à la campagne}
75%
1999 Philippe Torreton Maria Pitarresi 2 Ca {commence aujourd'hui}
63%
1977 Michel Piccoli Christine Pascal 2 Des {enfants gâtés}
63%
1992 Didier Bezace Charlotte Kady 1 nombre L.{627}
63%
1994 Philippe Noiret Sophie Marceau 3 La {fille de d'Artagnan}
63%
1987 Bernard-Pierre Donnadieu Julie Delpy 2 La {Passion Béatrice}
63%
1980 Gérard Lanvin Nathalie Baye 3 Une {semaine de vacances}
63%
2004 Jacques Gamblin Isabelle Carré 1 {Holy} Lola
50%
2010 Gaspard Ulliel Mélanie Thierry 3 La {Princesse de Montpensier}
50%
1974 Philippe Noiret Clotilde Joano 2 L'{horloger} de {Saint-Paul}
50%
2013 Thierry Lhermitte Julie Gayet 2 {Quai} d'{Orsay}
50%
2002 Jacques Gamblin Charlotte Kady 1 {Laissez-passer}
38%
Aucun quiz correspondant
Distribution des résultats
% des personnes avec chaque résultat
Percentile par nombre de réponses
Votre historique - résultats
Vous n’avez pas pris ce quiz